Представление документа в формате MARC21

Поле Инд. ПП Название Значение
Тип записи m
Библиографический уровень m
001 Контрольный номер RU/LIBMSTU/383745288
005 Дата корректировки 20230131143335.8
008 Кодируемые данные 121030|||||||||ru |||||||||||000|||rus||
040 b Код языка каталог. rus
e Правила каталог. PSBO
041 0_ a Код языка текста rus
084 a Индекс другой классификации/Индекс ББК 65.261.31+65.261.7
245 10 a Заглавие Бюджетная система Российской Федерации
b Продолж. заглавия метод. указания и контрол. задания студентов заоч. формы обучения специальности 080105.65 "Финансы и кредит"
c Ответственность Федер. агентство по рыболовству, Мурман. гос. техн. ун-т, Каф. финансов, бухгалт. учета и упр. экон. системами ; сост. Е. И. Зайцева
h Физич. носитель Электронный ресурс
256 a Характеристики компьютерного файла Электрон. текстовые дан. (1 файл : 338 Кб)
260 a Место издания Мурманск
b Издательство Изд-во МГТУ
c Дата издания 2011
500 10 a Примечание Доступ из локальной сети Мурман. гос. техн. ун-та. - Загл. с экрана
583 x Служебное примечание Полнотекстовые документы
x Служебное примечание Труды преподавателей МГТУ
z Открытое примечание Для студентов экономических специальностей
z Открытое примечание Для студентов экономических специальностей
653 1_ a Ключевые слова Бюджетная система; Бюджетная политика; Бюджетное право; Методические указания; Электронные версии
a Ключевые слова Труды преподавателей МГТУ
856 0_ u URL https://elib.mauniver.ru/2011/M_11_37.pdf
901 t Тип документа m
952 c Вид литературы учебно-методическое издание